000 00504nam a2200169 i 4500
001 94895
003 ES-MaACL
005 20230906181559.0
007 t|
008 050517s1963 sp ||||1| gao d
100 1 _aLugrís, Ramón.
_974668
245 1 0 _aVicente Riscona na cultura galega
_b: ensaio /
_cRamón Lugrís; prólogo de Ramón Piñeiro.
260 _a[s.l.] :
_bGalaxia,
_c1963.
300 _a159 p. ;
_c20 cm.
700 1 _aPiñeiro, Ramón.
_992261
852 _aES-MaACL
_jC-24553
_bR.53087
999 _c94895
_d94895